[Event "GBR-ch U14 106th"]
[Site "Torquay"]
[Date "2019.07.30"]
[Round "3"]
[White "Dicen, Imogen"]
[Black "Wilton, Maximilian"]
[Result "0-1"]
[WhiteElo "1533"]
[BlackElo "1596"]
[PlyCount "52"]
[EventDate "2019.07.28"]
[EventType "swiss"]
[EventRounds "7"]
[EventCountry "ENG"]
[SourceTitle "EXT 2020"]
[Source "ChessBase"]
[SourceDate "2019.10.17"]
[SourceVersion "1"]
[SourceVersionDate "2019.10.17"]
[SourceQuality "1"]

1. d4 f5 2. c4 Nf6 3. Bg5 e6 4. Nc3 Bb4 5. e3 0-0 6. g3 d6 7. Bxf6 Qxf6 8. Nge2 Nd7 9. Bg2 e5 10. 0-0 Bxc3 11. bxc3 c6 12. Qb3 Kh8 13. Rad1 g5 14. f4 gxf4 15. gxf4 e4 16. Ng3 Qg6 17. Qc2 h5 18. Kh1 Rg8 19. Rg1 Nf6 20. Nf1 h4 21. Qf2 Qh5 22. Re1 h3 23. Ng3 hxg2+ 24. Rxg2 Qh7 25. Reg1 Be6 26. Qe2 Rae8 0-1

[Event "GBR-ch U14 106th"]
[Site "Torquay"]
[Date "2019.07.29"]
[Round "2"]
[White "Wilton, Maximilian"]
[Black "Akeya Price, Robert A"]
[Result "0-1"]
[WhiteElo "1596"]
[BlackElo "1974"]
[PlyCount "124"]
[EventDate "2019.07.28"]
[EventType "swiss"]
[EventRounds "7"]
[EventCountry "ENG"]
[SourceTitle "EXT 2020"]
[Source "ChessBase"]
[SourceDate "2019.10.17"]
[SourceVersion "1"]
[SourceVersionDate "2019.10.17"]
[SourceQuality "1"]

1. e4 c6 2. d4 d5 3. exd5 cxd5 4. Bd3 Nc6 5. c3 Nf6 6. Bf4 Bg4 7. Qb3 Qd7 8. Nd2 e6 9. Ngf3 Be7 10. 0-0 0-0 11. Rae1 Rac8 12. Ne5 Nxe5 13. Bxe5 Bh5 14. h3 Bg6 15. Bxg6 hxg6 16. Re3 b5 17. g4 a5 18. Rg3 a4 19. Qd1 b4 20. h4 bxc3 21. bxc3 Ne4 22. Nxe4 dxe4 23. Rh3 f6 24. Bf4 f5 25. g5 Kf7 26. Kg2 Rh8 27. Rfh1 Rh5 28. Qb1 Rc4 29. Qb6 Bd8 30. Qb8 Rc8 31. Qb2 Qc6 32. Rc1 Bc7 33. Bxc7 Rxc7 34. Kg1 Rb7 35. Qc2 Rh8 36. Qd2 Qc4 37. Kg2 a3 38. Rhh1 Rb2 39. Rc2 Rhb8 40. Rhc1 Qd3 41. Qf4 R8b7 42. Qd6 Rxc2 43. Rxc2 Qxc2 44. h5 Qxa2 45. Qc6 Qd5 46. hxg6+ Kxg6 47. Qe8+ Rf7 48. Qa4 e3+ 49. f3 a2 50. Qa6 f4 51. c4 Qxg5+ 52. Kf1 Qf5 53. Qxa2 Rb7 54. Ke2 Qb1 55. Qxb1+ Rxb1 56. d5 exd5 57. cxd5 Rb2+ 58. Kd3 Rd2+ 59. Ke4 Rxd5 60. Kxd5 e2 61. Ke4 Kg5 62. Kd3 e1Q 0-1

[Event "GBR-ch U14 106th"]
[Site "Torquay"]
[Date "2019.07.28"]
[Round "1"]
[White "Jithendra, Raina"]
[Black "Wilton, Maximilian"]
[Result "0-1"]
[WhiteElo "1193"]
[BlackElo "1596"]
[PlyCount "152"]
[EventDate "2019.07.28"]
[EventType "swiss"]
[EventRounds "7"]
[EventCountry "ENG"]
[SourceTitle "EXT 2020"]
[Source "ChessBase"]
[SourceDate "2019.10.17"]
[SourceVersion "1"]
[SourceVersionDate "2019.10.17"]
[SourceQuality "1"]

1. e4 c5 2. c3 d5 3. exd5 Qxd5 4. d4 Nf6 5. Nf3 Bg4 6. Be2 e6 7. h3 Bh5 8. 0-0 Nc6 9. Be3 cxd4 10. cxd4 Be7 11. Nc3 Qd7 12. Qb3 0-0 13. Rfd1 Rfd8 14. a3 b6 15. Rd2 Nd5 16. Nxd5 Qxd5 17. Qxd5 Rxd5 18. b4 Bf6 19. Rad1 Ne7 20. g4 Bg6 21. g5 Bxg5 22. Nxg5 Nf5 23. Bf3 Nxe3 24. fxe3 Rxg5+ 25. Rg2 Rxg2+ 26. Kxg2 Rc8 27. e4 Rc2+ 28. Kg3 Kf8 29. Kf4 Ke7 30. h4 f6 31. e5 fxe5+ 32. dxe5 Be8 33. Be4 Rc4 34. Ke3 g6 35. h5 gxh5 36. Bxh7 Rg4 37. Rf1 h4 38. Be4 h3 39. Rc1 h2 40. Bf3 Rg1 41. Rc7+ Kd8 42. Rh7 Rg3 43. Kf4 Rxf3+ 44. Kxf3 Bc6+ 45. Ke3 h1Q 46. Rxh1 Bxh1 47. Kd4 a6 48. Kc4 Bd5+ 49. Kd4 Kc7 50. Kc3 Kc6 51. a4 a5 52. bxa5 bxa5 53. Kb2 Kc5 54. Kc3 Bc4 55. Kc2 Kd4 56. Kd2 Kxe5 57. Ke3 Kd5 58. Kd2 Kd4 59. Kc2 e5 60. Kd2 e4 61. Ke1 e3 62. Kd1 e2+ 63. Ke1 Kc3 64. Kf2 Kd2 65. Kf3 e1Q 66. Kf4 Qe2 67. Kf5 Qe3 68. Kf6 Qe6+ 69. Kg5 Qf7 70. Kg4 Qf6 71. Kg3 Qf5 72. Kg2 Qf4 73. Kh1 Qg5 74. Kh2 Ke2 75. Kh3 Kf3 76. Kh2 Qg2# 0-1